Microelectronic packaging (Record no. 23644)

000 -LEADER
fixed length control field 00575nam a22001931 4500
001 - CONTROL NUMBER
control field 23644
003 - CONTROL NUMBER IDENTIFIER
control field BD-DhUET
008 - FIXED-LENGTH DATA ELEMENTS--GENERAL INFORMATION
fixed length control field 740518s1968 nyua b 000 0 eng
040 ## - CATALOGING SOURCE
Original cataloging agency DLC
Transcribing agency DLC
Modifying agency BD-DhUET
082 00 - DEWEY DECIMAL CLASSIFICATION NUMBER
Classification number 623.815
Item number SID/1968
100 ## - MAIN ENTRY--PERSONAL NAME
Personal name Sideris, George
245 10 - TITLE STATEMENT
Title Microelectronic packaging
Statement of responsibility, etc. [edited by] George Sideris.
Remainder of title interconnection and assembly of integrated circuits
250 ## - EDITION STATEMENT
Edition statement 1st ed.
260 ## - PUBLICATION, DISTRIBUTION, ETC. (IMPRINT)
Place of publication, distribution, etc. New York
Name of publisher, distributor, etc. McGraw-Hill
Date of publication, distribution, etc. 1968
300 ## - PHYSICAL DESCRIPTION
Extent x, 299 p.
Other physical details illus.
Dimensions 26 cm.
504 ## - BIBLIOGRAPHY, ETC. NOTE
Bibliography, etc Includes bibliographies
650 #0 - SUBJECT ADDED ENTRY--TOPICAL TERM
Topical term or geographic name as entry element Microelectronics
942 ## - ADDED ENTRY ELEMENTS (KOHA)
Koha item type Edited Book
Holdings
Date acquired Lost status Koha item type Not for loan Price effective from Koha full call number Location (home branch) Koha normalized classification for sorting Sublocation or collection (holding branch) Source of classification or shelving scheme Piece designation (barcode) Koha date last seen Damaged status Copy number Shelving location Withdrawn status
2015-05-04 Edited Book 2015-05-04623.815/SID/1968Central Library, BUET623_815000000000000_SID_1968Central Library, BUET 156612015-05-04 1Circulation section